000 00733nam a2200253Ia 4500
003 OSt
005 20220926022930.0
006 a|||||r|||| 00| 0
007 ta
008 220923b |||||||| |||| 00| 0 eng d
020 _a0314044590
037 _cGeneral Book
040 _aRTL
_cRTL
_beng
041 _2eng
_aeng
082 _aX625:891, N5
100 _aFraser Donald R and others
_9328426
245 0 _aCommercial banking
_b The management of risk
260 _aNew York
_bWest
_c1995
300 _axxviii, 851p
_ccm.
500 _aBibliography chapterwise
650 _aCommercial Banks
_9230151
942 _hX625:891, N5
_cGB
_2CC
999 _c640585
_d640585